000 00809nam a2200217 a 4500
005 20260415064211.0
008 031106s2000 mx r 000 0 spa d
020 _a8476426232
035 _aUPN01000130748
049 _aCG
050 4 _aLB2822.75
_bZ9.3
100 1 _aZafiaurre Goikoetxea, Benjamín
245 1 0 _aEvaluación escolar y coparticipación educativa :
_bresposabilidad social y democrática, padres, madres, maestros, maestras, alumnas y alumnos, sociedad : la complejidad de la vida escolar /
_cBenjamín Zufiaurre Goikoetxea.
260 _aValencia, Esp. :
_bNau Llibres,
_c2000.
300 _a199 p. :
_bcuadros
440 0 _aEdad y sociedad ;
_v3
650 4 _aEvaluación educativa
_94298
650 4 _aEvaluación del docente
_95198
650 4 _aEvaluación
_914106
905 _aLibro
999 _c102905
_d102905